Lost Chicago / (Record no. 71819)

MARC details
000 -LEADER
campo de control de longitud fija 02355cam a2200373 a 4500
003 - IDENTIFICADOR DE NÚMERO DE CONTROL
campo de control BJBSDDR
005 - FECHA Y HORA DE LA ÚLTIMA TRANSACCIÓN
campo de control 20230410124136.0
007 - CAMPO FIJO DE DESCRIPCIÓN FÍSICA--INFORMACIÓN GENERAL
campo de control de longitud fija ta
008 - DATOS DE LONGITUD FIJA--INFORMACIÓN GENERAL
campo de control de longitud fija 100324s2010 ilua b 001 0 eng c
020 ## - NÚMERO INTERNACIONAL ESTÁNDAR DEL LIBRO
Número Internacional Estándar del Libro 9780226494326 (pbk. : alk. paper)
020 ## - NÚMERO INTERNACIONAL ESTÁNDAR DEL LIBRO
Número Internacional Estándar del Libro 0226494322 (pbk. : alk. paper)
035 ## - NÚMERO DE CONTROL DEL SISTEMA
Número de control de sistema 16153260
040 ## - FUENTE DE CATALOGACIÓN
Centro catalogador/agencia de origen ICU/DLC
Centro/agencia transcriptor DLC
Lengua de catalogación spa
041 ## - CÓDIGO DE IDIOMA
Código de lengua del texto/banda sonora o título independiente Eng
043 ## - CÓDIGO DE ÁREA GEOGRÁFICA
Código de área geográfica n-us-il
050 14 - SIGNATURA TOPOGRÁFICA DE LA BIBLIOTECA DEL CONGRESO
Número de clasificación NA 735
Número de ítem L913l 2010
082 00 - NÚMERO DE LA CLASIFICACIÓN DECIMAL DEWEY
Número de clasificación 720.9773/11
Número de edición 22
100 1# - ENTRADA PRINCIPAL--NOMBRE DE PERSONA
Nombre de persona Lowe, David,
Fechas asociadas al nombre 1933-
245 10 - MENCIÓN DEL TÍTULO
Título Lost Chicago /
Mención de responsabilidad, etc. David Garrard Lowe.
250 ## - MENCION DE EDICION
Mención de edición Expanded ed.
260 ## - PUBLICACIÓN, DISTRIBUCIÓN, ETC.
Lugar de publicación, distribución, etc. Chicago ;
-- London :
Nombre del editor, distribuidor, etc. The University of Chicago Press,
Fecha de publicación, distribución, etc. 2010.
300 ## - DESCRIPCIÓN FÍSICA
Extensión vii, 262 p. :
Otras características físicas ill., maps ;
Dimensiones 30 cm.
500 ## - NOTA GENERAL
Nota general Previously published: New York : American Legacy Press, 1985, c1975.
504 ## - NOTA DE BIBLIOGRAFÍA, ETC.
Nota de bibliografía, etc. Includes bibliographical references and index.
520 ## - RESUMEN, ETC.
Sumario, etc. Lost Chicago explores the architectural and cultural history of one of America's greatest cities, a city whose architectural heritage was recklessly squandered during the second half of the 20th century. David Garrard Lowe's prose and over 270 rare photographs and prints, many of them published here for the first time, illuminate the decades when Gustavus Swift and Philip D. Armour ruled the greatest stockyards in the world; when industrialists and entrepreneurs such as Cyrus McCormick, Porter Palmer, George Pullman, and Marshall Field made Prairie Avenue and State streets the rivals of New York City's Fifth Avenue; when Dankmar Adler, William Le Baron Jenney, Louis Sullivan, John Wellborn Root, Daniel Burnham, Martin Holabird, and Frank Lloyd Wright were designing buildings of incomparable excellence. Here are the mansions and grand hotels, technically brilliant office buildings (including the first skyscraper) and department stores, magnificent trains, and movie palaces, parks, and racetracks that thrilled residents and tourists alike before falling victim to the wrecking ball of "progress.
650 #0 - PUNTO DE ACCESO ADICIONAL DE MATERIA--TÉRMINO DE MATERIA
Término de materia o nombre geográfico como elemento de entrada Lost architecture
Subdivisión geográfica Illinois
-- Chicago.
650 #4 - PUNTO DE ACCESO ADICIONAL DE MATERIA--TÉRMINO DE MATERIA
Término de materia o nombre geográfico como elemento de entrada Arquitectura
Subdivisión geográfica Chicago (Estados Unidos)
9 (RLIN) 4309
651 #0 - PUNTO DE ACCESO ADICIONAL DE MATERIA--NOMBRE GEOGRÁFICO
Nombre geográfico Chicago (Ill.)
Subdivisión general Buildings, structures, etc.
651 #0 - PUNTO DE ACCESO ADICIONAL DE MATERIA--NOMBRE GEOGRÁFICO
Nombre geográfico Chicago (Ill.)
Subdivisión general History.
651 #4 - PUNTO DE ACCESO ADICIONAL DE MATERIA--NOMBRE GEOGRÁFICO
Nombre geográfico Chicago (Estados Unidos)
Subdivisión general Edificios, estructuras, etc
9 (RLIN) 8068
651 #4 - PUNTO DE ACCESO ADICIONAL DE MATERIA--NOMBRE GEOGRÁFICO
Nombre geográfico Chicago (Estados Unidos)
Subdivisión general Historia
9 (RLIN) 8025
942 ## - ELEMENTOS DE ENTRADA SECUNDARIOS (KOHA)
Fuente del sistema de clasificación o colocación Clasificación de Library of Congress
Tipo de ítem Koha Libro
946 ## - PROCESAMIENTO DE INFORMACIÓN LOCAL (OCLC)
a dvf
Holdings
Estatus retirado Estado de pérdida Estado de daño No para préstamo Colección Biblioteca de origen Biblioteca actual Ubicación en estantería Fecha de adquisición Signatura topográfica completa Código de barras Visto por última vez Copia número Tipo de ítem Koha
        Humanidades Biblioteca Juan Bosch Biblioteca Juan Bosch Humanidades (4to. Piso) 10/04/2023 NA 735 L913l 2010 00000123327 25/10/2018 1 Libro